Children of the A-bomb : testament of the boys and girls of Hiroshima /

Bibliographic Details
Uniform Title:Genbaku no ko.
Other Authors: Osada, Arata, 1887-1961
Format: Book
Language:English
Published: Ann Arbor : Midwest Publishers, International, 1982.
Edition:English ed.
Subjects:

MARC

Tag First Indicator Second Indicator Subfields
LEADER 00000cam a2200000 a 4500
001 in00002519829
005 20151111062254.0
008 821019r19821959miuaf 000 0ceng
010 |a  82221550  
020 |a 0936208015 (pbk.) :  |c $8.95 
020 |a 9780936208015 (pbk.) 
029 1 |a NLGGC  |b 12378591X 
035 |a (OCoLC)ocm11549795 
035 |a (OCoLC)11549795 
040 |a DLC  |c DLC  |d OCL  |d BTCTA  |d OCLCG  |d TXA  |d UtOrBLW 
041 1 |a eng  |h jpn 
043 |a a-ja--- 
049 |a TXAM 
050 0 0 |a D767.25.H6  |b G42513 1982 
082 0 0 |a 940.53/161  |2 19 
130 0 |a Genbaku no ko.  |l English. 
245 1 0 |a Children of the A-bomb :  |b testament of the boys and girls of Hiroshima /  |c compiled by Arata Osada ; translated by Jean Dan and Ruth Sieben-Morgen ; illustrated by Mr. & Mrs. Minoru Kuroki. 
250 |a English ed. 
264 1 |a Ann Arbor :  |b Midwest Publishers, International,  |c 1982. 
300 |a 437, xi pages, 1 unnumbered folded leaf of plates :  |b illustrations ;  |c 22 cm. 
336 |a text  |b txt  |2 rdacontent 
337 |a unmediated  |b n  |2 rdamedia 
338 |a sheet  |b nb  |2 rdacarrier 
500 |a Translation of: Genbaku no ko. 
500 |a Cover title: Children of the atomic bomb. 
500 |a Reprint. Originally published: Tokyo : Uchida Rōkakuho, 1959. 
651 0 |a Hiroshima-shi (Japan)  |x History  |y Bombardment, 1945  |v Personal narratives. 
650 0 |a World War, 1939-1945  |x Children  |z Japan  |z Hiroshima-shi. 
650 0 |a Youth  |z Japan  |z Hiroshima-shi. 
700 1 |a Osada, Arata,  |d 1887-1961. 
740 0 |a Children of the atomic bomb. 
938 |a Baker and Taylor  |b BTCP  |n 82221550  |c $8.95 
994 |a C0  |b TXA 
948 |a cataloged  |b h  |c 2009/9/14  |d c  |e blrosas  |f 11:18:53 am 
999 |a MARS 
999 f f |s b8174065-c2a8-3736-8487-626c5d0ab9e7  |i 42414a79-b22a-3872-88d6-856b00fd86e6  |t 0 
952 f f |p normal  |a Texas A&M University  |b College Station  |c Sterling C. Evans Library  |d Evans: Library Stacks  |t 0  |e D767.25.H6 G42513 1982  |h Library of Congress classification  |i unmediated -- sheet  |m A14838875096 
998 f f |a D767.25.H6 G42513 1982  |t 0  |l Evans: Library Stacks